000 00362nam a22001217a 4500
020 _a9781526609618
082 _a330.95
_bFRA
100 _aFrankopan, Peter
245 _aThe new silk roads :
_bthe present and future of the world /
_cPeter Frankopan
260 _aLondon :
_bBloomsbury Publishing,
_c2018.
300 _a313 p. ;
_c20 cm.
942 _2ddc
_cBK
999 _c591700
_d591700